[Event "KP 2024/25,TJ Hronov-Jiskra N. Bydzov"]
[Site "?"]
[Date "2024.12.08"]
[Round "4.1"]
[White "Stepan, Michal"]
[Black "Kohout, Martin"]
[Result "0-1"]
[WhiteElo "2085"]
[BlackElo "2023"]
[PlyCount "118"]
[EventDate "2024.??.??"]

1. Nf3 Nf6 2. g3 d5 3. Bg2 e6 4. O-O Be7 5. d4 O-O 6. c4 c6 7. Nbd2 Nbd7 8. Qc2
Re8 9. Rd1 b6 10. e4 Nf8 11. e5 Nh5 12. cxd5 cxd5 13. Bf1 a5 14. Nb1 g6 15. Nc3
Bd7 16. Kg2 Qb8 17. a4 Rc8 18. Qb3 Bb4 19. Bd2 Ng7 20. g4 Ne8 21. h4 Nc7 22. h5
b5 23. hxg6 fxg6 24. axb5 Bxc3 25. bxc3 Bxb5 26. Qa3 Bxf1+ 27. Rxf1 Nb5 28. Qe7
Ra7 29. Qf6 Nxc3 30. Bxc3 Rxc3 31. Ng5 Qe8 32. Rab1 Rcc7 33. Rb6 Re7 34. Rb3 a4
35. Rb2 a3 36. Ra2 Qa4 37. Rb1 Rf7 38. Nxf7 Rxf7 39. Qg5 Qxd4 40. Rb3 h6 41.
Qxh6 Qxg4+ 42. Rg3 Qe4+ 43. f3 Qxe5 44. Qc1 Rh7 45. Qg5 Qe1 46. Rh3 Rb7 47. Qf6
Rg7 48. Rh8+ Kxh8 49. Qxf8+ Kh7 50. Rxa3 Rc7 51. Ra2 Qc1 52. Re2 Qh6 53. Qd8
Rf7 54. Rxe6 Qd2+ 55. Kg1 Qd1+ 56. Kg2 Qxf3+ 57. Kh2 Qf2+ 58. Kh3 Rf3+ 59. Kg4
Qg3# 0-1

[Event "KP 2024/25,TJ Hronov-Jiskra N. Bydzov"]
[Site "?"]
[Date "2024.12.08"]
[Round "4.2"]
[White "Prazak, Matous"]
[Black "Cibulka, Josef"]
[Result "0-1"]
[WhiteElo "1982"]
[BlackElo "2059"]
[PlyCount "110"]
[EventDate "2024.??.??"]

1. c4 e5 2. Nc3 Nf6 3. g3 d6 4. Bg2 g6 5. e4 Bg7 6. Nge2 O-O 7. O-O Nbd7 8. d3
a5 9. h3 Nc5 10. Be3 Bd7 11. f4 exf4 12. Nxf4 Ne6 13. Nxe6 Bxe6 14. Qd2 Qd7 15.
Kh2 c6 16. Bh6 Ne8 17. b3 Nc7 18. Bxg7 Kxg7 19. d4 d5 20. Na4 Qd8 21. exd5 cxd5
22. Nb6 Ra6 23. c5 Na8 24. Nxa8 Rxa8 25. a3 Qd7 26. b4 axb4 27. axb4 Ra4 28.
Rxa4 Qxa4 29. Qc3 Ra8 30. Rb1 Qa2 31. Rb2 Qa1 32. Qd2 Ra3 33. b5 Ra4 34. Qf2
Qc1 35. g4 h6 36. b6 Qc3 37. Qd2 Qxd4 38. Qxd4+ Rxd4 39. c6 Bc8 40. c7 Kf8 41.
Rb5 Ke7 42. Bxd5 f6 43. Kg3 g5 44. Kf3 Rd3+ 45. Ke4 Rxh3 46. Ra5 Bxg4 47. Ra8
Rc3 48. Bxb7 Rb3 49. Ra6 Bf3+ 50. Kd4 Bxb7 51. Ra8 Rxb6 52. Rb8 Rd6+ 53. Ke3
Re6+ 54. Kd4 Ba6 55. c8=Q Bxc8 0-1

[Event "KP 2024/25,TJ Hronov-Jiskra N. Bydzov"]
[Site "?"]
[Date "2024.12.08"]
[Round "4.3"]
[White "Velecky, Viktor"]
[Black "Vanicek, Vojtech"]
[Result "1-0"]
[WhiteElo "2073"]
[BlackElo "1915"]
[PlyCount "143"]
[EventDate "2024.??.??"]

1. c4 e5 2. Nc3 Nf6 3. Nf3 Nc6 4. g3 d5 5. cxd5 Nxd5 6. d3 Be7 7. Bg2 Nb6 8.
Be3 O-O 9. O-O Be6 10. Qd2 f6 11. Rfc1 Qd7 12. Ne4 Bd5 13. Nc5 Bxc5 14. Rxc5
Ne7 15. Rac1 c6 16. b4 Rfc8 17. Ra5 Nf5 18. Bxb6 Bxf3 19. Bxf3 axb6 20. Rxa8
Rxa8 21. Bg4 h5 22. Bh3 g5 23. Rc4 Qh7 24. e3 Kf7 25. Qc2 Nd6 26. Rc3 Ke7 27.
a4 h4 28. g4 Qf7 29. Bg2 Kd8 30. d4 exd4 31. exd4 Qe6 32. Qd1 Qa2 33. d5 Qxa4
34. Rb3 c5 35. bxc5 bxc5 36. Qf3 Qa1+ 37. Bf1 Ra4 38. h3 Qe5 39. Re3 Re4 40.
Ra3 Rf4 41. Qb3 Rb4 42. Qc2 Qxd5 43. Qh7 Qf7 44. Ra8+ Kd7 45. Qh8 Qe7 46. Rg8
Ke6 47. Rg7 Qe8 48. Qh7 c4 49. Rc7 b5 50. Qc2 Qa8 51. Qh7 Qd8 52. Be2 Rb3 53.
f4 gxf4 54. Kf2 Rxh3 55. g5 Rh2+ 56. Kf1 f5 57. Bf3 Qxg5 58. Qd7+ Ke5 59. Rc5+
Kd4 60. Qxd6+ Ke3 61. Re5+ Kxf3 62. Qd5+ Kg4 63. Re8 Kh3 64. Rg8 Qh5 65. Kg1 f3
66. Qd6 Qg4+ 67. Rxg4 f2+ 68. Kf1 fxg4 69. Qe6 Kg3 70. Qe5+ Kh3 71. Qe3+ g3 72.
Qe6# 1-0

[Event "KP 2024/25,TJ Hronov-Jiskra N. Bydzov"]
[Site "?"]
[Date "2024.12.08"]
[Round "4.4"]
[White "Bednar, Milos"]
[Black "Drasnar, Lukas"]
[Result "1-0"]
[WhiteElo "1829"]
[BlackElo "2006"]
[PlyCount "109"]
[EventDate "2024.??.??"]

1. e4 e5 2. Nf3 Nc6 3. Bc4 Bc5 4. Nc3 Nf6 5. d3 d6 6. a3 Bg4 7. h3 Bxf3 8. Qxf3
Nd4 9. Qd1 c6 10. b4 Bb6 11. Be3 O-O 12. O-O d5 13. Ba2 h6 14. Qd2 Ne6 15. Bxb6
axb6 16. exd5 cxd5 17. a4 Rc8 18. Rfe1 Nd4 19. Rac1 Qd6 20. Ne2 Nf5 21. d4 e4
22. Qf4 Qxf4 23. Nxf4 Rfd8 24. c3 g5 25. Ne2 Nd6 26. Ng3 h5 27. Nf1 Nc4 28. Rc2
Na3 29. Rcc1 Nc4 30. Re2 Kg7 31. Ne3 Nxe3 32. fxe3 Rd6 33. Rec2 Rdc6 34. c4
dxc4 35. Rxc4 Rxc4 36. Rxc4 Rxc4 37. Bxc4 Ne8 38. Bd5 Nd6 39. a5 bxa5 40. bxa5
h4 41. Bxb7 f5 42. a6 Nb5 43. Kf2 Kf6 44. Bc8 f4 45. Bd7 Na7 46. Ke2 Kg6 47.
Kd2 Kf6 48. Bg4 Nb5 49. Be2 Na7 50. Kc3 Ke6 51. Kc4 Kd6 52. d5 fxe3 53. Kd4 Nc8
54. Kxe4 Nb6 55. a7 1-0

[Event "KP 2024/25,TJ Hronov-Jiskra N. Bydzov"]
[Site "?"]
[Date "2024.12.08"]
[Round "4.5"]
[White "Pinkava, Josef"]
[Black "Luksa, Ales"]
[Result "1-0"]
[WhiteElo "1909"]
[BlackElo "1714"]
[PlyCount "57"]
[EventDate "2024.??.??"]

1. e4 c5 2. Nf3 Nc6 3. c4 d6 4. d4 cxd4 5. Nxd4 g6 6. Be3 Nf6 7. f3 Bg7 8. Qd2
O-O 9. Nc3 Bd7 10. Be2 Nxd4 11. Bxd4 Ne8 12. Be3 Nc7 13. O-O Na6 14. Rac1 b6
15. Rfd1 Nc5 16. b3 Re8 17. Nd5 f5 18. exf5 Bxf5 19. Bg5 Qd7 20. Bf1 Ne6 21.
Be3 Nc5 22. Re1 Rf8 23. Bxc5 dxc5 24. Rxe7 Bd4+ 25. Kh1 Qd6 26. Rce1 Bg7 27. g4
Bd7 28. Rxd7 Qc6 29. Ne7+ 1-0

[Event "KP 2024/25,TJ Hronov-Jiskra N. Bydzov"]
[Site "?"]
[Date "2024.12.08"]
[Round "4.6"]
[White "Vanicek, Lukas"]
[Black "Prochazka, Jan"]
[Result "1-0"]
[WhiteElo "1790"]
[BlackElo "1869"]
[PlyCount "131"]
[EventDate "2024.??.??"]

1. f4 e5 2. Nf3 e4 3. Ng5 Nf6 4. d3 exd3 5. cxd3 d5 6. g3 Bb4+ 7. Bd2 Bxd2+ 8.
Nxd2 O-O 9. Bg2 h6 10. Ngf3 Ng4 11. Nf1 Nc6 12. h3 Nf6 13. Qd2 Qd6 14. g4 d4
15. Nh4 Nd5 16. Bxd5 Qxd5 17. Ng3 Ne7 18. O-O Bd7 19. Rf2 Bc6 20. Kh2 Qe6 21.
f5 Qe3 22. Qxe3 dxe3 23. Rff1 Nd5 24. a3 Rfe8 25. Ne4 Nb6 26. Nc3 Na4 27. Nxa4
Bxa4 28. f6 g6 29. Nxg6 Re6 30. Ne7+ Kf8 31. Rf4 Bb5 32. Rc1 c6 33. Kg2 Rd8 34.
Re1 Rdd6 35. Rf3 Rxf6 36. Rxe3 Rde6 37. Nf5 c5 38. Rxe6 fxe6 39. Nd6 Bc6+ 40.
Kg3 Ke7 41. Nc4 b5 42. Nd2 Kd6 43. Rf1 Rxf1 44. Nxf1 a5 45. Nd2 b4 46. Nc4+ Kd5
47. Nxa5 bxa3 48. bxa3 Bb5 49. Nb3 Ba4 50. e4+ Kd6 51. Nc1 Ke5 52. h4 c4 53.
dxc4 Kxe4 54. g5 hxg5 55. hxg5 Be8 56. Nb3 Kd3 57. Nc5+ Kxc4 58. Nxe6 Kb3 59.
Kf4 Kxa3 60. Kf5 Ba4 61. Kf6 Be8 62. Ng7 Ba4 63. g6 Bc2 64. Nf5 Kb4 65. g7 Bb3
66. Nh6 1-0

[Event "KP 2024/25,TJ Hronov-Jiskra N. Bydzov"]
[Site "?"]
[Date "2024.12.08"]
[Round "4.7"]
[White "Vagner, Patrik"]
[Black "Ficek, Martin"]
[Result "1/2-1/2"]
[WhiteElo "1806"]
[BlackElo "1773"]
[PlyCount "120"]
[EventDate "2024.??.??"]

1. d4 d5 2. c4 c6 3. Nc3 Nf6 4. Nf3 g6 5. Bf4 Bg7 6. e3 O-O 7. Rc1 e6 8. Bd3
Nbd7 9. O-O Re8 10. Qb3 Nh5 11. Bg3 Nxg3 12. hxg3 Nf6 13. Ne5 Nd7 14. Nf3 Nb6
15. cxd5 exd5 16. Na4 Bg4 17. Nc5 Rb8 18. Qc3 Nd7 19. b4 a6 20. a4 Nxc5 21.
bxc5 Qd7 22. Rb1 Qc7 23. Rb6 Rbd8 24. Rfb1 Bc8 25. Qa5 Qe7 26. Qb4 Bh6 27. Re1
f5 28. Ne5 Qf6 29. f4 Bg7 30. Qd2 Re7 31. Kf2 Rde8 32. Rh1 Qe6 33. Rbb1 Bf6 34.
Rh3 Rg7 35. Rbh1 Ree7 36. Rh6 Bd7 37. Qe2 Kf8 38. Qf1 Be8 39. R1h3 Kg8 40. Qh1
Bxe5 41. fxe5 Bd7 42. R3h4 Qf7 43. Rf4 Qf8 44. g4 Ref7 45. gxf5 Bxf5 46. Bxf5
Rxf5 47. g3 Rgf7 48. Ke2 Qe7 49. Rh2 Qe6 50. Rhf2 g5 51. Rxf5 Rxf5 52. Qf1
Rxf2+ 53. Qxf2 Qf7 54. Qxf7+ Kxf7 55. g4 Ke6 56. Kd3 a5 57. e4 h6 58. Ke3 Ke7
59. exd5 cxd5 60. Kd3 Ke6 1/2-1/2

[Event "KP 2024/25,TJ Hronov-Jiskra N. Bydzov"]
[Site "?"]
[Date "2024.12.08"]
[Round "4.8"]
[White "Batka, Josef"]
[Black "Fuchs, Frantisek"]
[Result "0-1"]
[WhiteElo "1747"]
[BlackElo "1907"]
[PlyCount "56"]
[EventDate "2024.??.??"]

1. e4 c5 2. c3 Nf6 3. e5 Nd5 4. d4 e6 5. Nf3 Nc6 6. Bb5 Qb6 7. Bxc6 bxc6 8. O-O
Ba6 9. Re1 Be7 10. Qb3 Rb8 11. Qxb6 Rxb6 12. b3 Bd3 13. Bd2 O-O 14. c4 Nb4 15.
Bxb4 Rxb4 16. Nbd2 a5 17. Ne4 cxd4 18. Rad1 Bxe4 19. Rxe4 c5 20. Rd3 a4 21. Nd2
Ra8 22. Re1 axb3 23. axb3 Ra2 24. Rb1 Rc2 25. Kf1 f5 26. Ke1 Bg5 27. Nf3 Bh6
28. g3 Rcxc4 0-1

[Event "KP 2024/25,J. Jaromer-Lazne Belohrad"]
[Site "?"]
[Date "2024.12.08"]
[Round "4.1"]
[White "Cech, Pavel"]
[Black "Korinek, Pavel"]
[Result "1/2-1/2"]
[WhiteElo "2326"]
[BlackElo "2001"]
[Annotator "Pavel"]
[PlyCount "71"]
[EventDate "2024.??.??"]
[SourceVersionDate "2024.12.08"]

{[%evp 0,71,19,20,19,-9,26,16,30,24,33,39,32,4,70,71,69,46,54,34,54,45,55,42,
64,36,57,63,49,53,50,57,58,58,59,59,70,51,49,25,22,26,30,25,32,29,33,36,36,33,
43,40,43,37,41,37,44,42,37,38,38,43,44,36,51,36,44,36,36,24,72,61,49,0]} 1. d4
d5 2. c4 c6 3. Nf3 Nf6 4. Nc3 Bf5 5. Qb3 Qb6 6. c5 Qc7 7. Bf4 Qc8 8. Nh4 Be6 9.
e3 h6 10. Nf3 Nbd7 11. Qc2 Nh5 12. Bd3 Bg4 13. Ne5 Nxf4 14. exf4 Nxe5 15. fxe5
e6 16. O-O Be7 17. b4 a6 18. Na4 Bd8 19. Nb6 Bxb6 20. cxb6 Qd7 21. a4 O-O 22.
Qd2 Qd8 23. a5 Qd7 24. Rae1 f5 25. exf6 Rxf6 26. Re3 Raf8 27. f3 Bh5 28. Rfe1
Bg6 29. Bxg6 Rxg6 30. Kh1 Qd6 31. Re5 Rgf6 32. R1e3 R8f7 33. Qe1 Re7 34. g3 Kf7
35. f4 Rf5 36. Rxf5+ 1/2-1/2

[Event "KP 2024/25,J. Jaromer-Lazne Belohrad"]
[Site "?"]
[Date "2024.12.08"]
[Round "4.2"]
[White "Dupenopulos, Karel"]
[Black "Hubka, Lubos"]
[Result "1/2-1/2"]
[WhiteElo "1850"]
[BlackElo "1999"]
[Annotator "Pavel"]
[PlyCount "54"]
[EventDate "2024.??.??"]
[SourceVersionDate "2024.12.08"]

{[%evp 0,54,25,-9,3,-42,22,23,8,5,17,-11,24,27,34,-13,16,-7,-7,-7,-7,-7,-7,-23,
-8,-18,-14,-24,-22,-22,-22,0,12,-15,-4,-14,19,-19,-19,-19,-13,-18,-10,-19,-18,
-18,48,-13,0,0,0,-6,0,0,0,0,0]} 1. c4 Nf6 2. g3 g6 3. Bg2 Bg7 4. Nf3 O-O 5. Nc3
d6 6. O-O e5 7. e4 Nbd7 8. d3 a5 9. Bg5 h6 10. Be3 Ng4 11. a3 Nxe3 12. fxe3 c6
13. Qe2 Nc5 14. b4 Ne6 15. b5 Re8 16. Rf2 Nc5 17. Raf1 Qc7 18. Nh4 Be6 19. Bf3
Bh3 20. Bg2 Be6 21. Bf3 Qd7 22. Bg2 Re7 23. Qd1 Bg4 24. Bf3 Bh3 25. Bg2 Bg4 26.
Bf3 Bh3 27. Bg2 Bg4 1/2-1/2

[Event "KP 2024/25,J. Jaromer-Lazne Belohrad"]
[Site "?"]
[Date "2024.12.08"]
[Round "4.3"]
[White "Prouza, Pavel"]
[Black "Marhold, Vojtech"]
[Result "1-0"]
[WhiteElo "1968"]
[BlackElo "1787"]
[Annotator "Pavel"]
[PlyCount "55"]
[EventDate "2024.??.??"]
[SourceVersionDate "2024.12.08"]

{[%evp 0,55,19,31,55,53,53,24,59,60,71,66,60,64,70,58,58,52,63,66,78,78,68,68,
119,101,121,77,81,66,65,47,57,56,39,29,89,71,106,108,108,96,96,90,99,84,82,90,
85,51,331,317,753,960,29993,29994,29997,29998]} 1. d4 c5 2. d5 Nf6 3. Nf3 d6 4.
Nc3 g6 5. e4 a6 6. a4 Bg7 7. h3 O-O 8. Be2 Nbd7 9. O-O Ne8 10. Bg5 Nc7 11. Qd2
Bh8 12. Rfe1 Rb8 13. Bf1 b5 14. axb5 axb5 15. Ra7 b4 16. Nd1 Nb5 17. Ra2 Re8
18. Ne3 Ne5 19. Nxe5 Bxe5 20. Bxb5 Rxb5 21. Nc4 Bh8 22. Ra7 Rb7 23. Ra8 Qc7 24.
Rea1 Bd7 25. Bxe7 Be5 26. Nxe5 dxe5 27. Qh6 f5 28. Rxe8+ 1-0

[Event "KP 2024/25,J. Jaromer-Lazne Belohrad"]
[Site "?"]
[Date "2024.12.08"]
[Round "4.4"]
[White "Buchar, Petr"]
[Black "Prouza, Tomas"]
[Result "1/2-1/2"]
[WhiteElo "1923"]
[BlackElo "1951"]
[Annotator "Pavel"]
[PlyCount "67"]
[EventDate "2024.??.??"]
[SourceVersionDate "2024.12.08"]

{[%evp 0,67,31,-20,-26,-13,-34,-25,-13,-17,-12,-17,-17,-53,-14,-48,-44,-31,-21,
-8,-22,-35,-47,-38,3,-39,-37,-33,-41,-47,-41,-53,-52,-66,-72,-57,-58,-58,-57,
-64,-14,-21,-22,-28,-25,-16,-5,-81,12,0,5,15,5,0,14,6,11,0,22,34,52,25,27,27,
26,4,35,25,9,-4]} 1. f4 d5 2. Nf3 Nf6 3. e3 g6 4. d4 Bg7 5. Be2 c5 6. c3 Nbd7
7. O-O O-O 8. Ne5 cxd4 9. exd4 Ne4 10. Nxd7 Bxd7 11. Nd2 Bc6 12. Nf3 f6 13. Be3
Nd6 14. b3 b5 15. g4 Qd7 16. Nh4 Ne4 17. Rc1 e6 18. Nf3 a5 19. Nd2 Nxd2 20.
Qxd2 a4 21. b4 e5 22. dxe5 fxe5 23. Bc5 Rf7 24. fxe5 Bxe5 25. Rxf7 Qxf7 26. Rf1
Qe6 27. Bf3 Rd8 28. Bd4 Bg7 29. Bxg7 Kxg7 30. Qd4+ Kg8 31. Bg2 Re8 32. Rd1 Rd8
33. Rf1 Re8 34. Rd1 1/2-1/2

[Event "KP 2024/25,J. Jaromer-Lazne Belohrad"]
[Site "?"]
[Date "2024.12.08"]
[Round "4.5"]
[White "Banic, Marek"]
[Black "Groh, Ladislav"]
[Result "0-1"]
[WhiteElo "1992"]
[BlackElo "1806"]
[Annotator "Pavel"]
[PlyCount "58"]
[EventDate "2024.??.??"]
[SourceVersionDate "2024.12.08"]

{[%evp 0,58,19,21,88,96,69,63,68,50,142,64,41,3,45,28,62,29,19,22,23,26,26,26,
13,18,27,30,44,27,42,32,44,35,64,61,56,42,88,76,89,41,26,50,55,22,63,66,68,30,
39,38,43,0,4,-3,12,-632,-632,-29999,-30000]} 1. e4 Nf6 2. e5 Nd5 3. c4 Nb6 4.
d4 Nc6 5. Nc3 d6 6. exd6 exd6 7. Be3 Bf5 8. Rc1 Be7 9. b3 O-O 10. Nf3 Re8 11.
Be2 Bf6 12. O-O Nd7 13. Nd5 h6 14. Qd2 Ne7 15. Nxf6+ Nxf6 16. d5 c5 17. dxc6
Nxc6 18. Nd4 Be4 19. Rfd1 d5 20. Qb2 Qe7 21. Nxc6 bxc6 22. cxd5 Bxd5 23. Bf1
Ng4 24. Bd4 Qd6 25. g3 Qg6 26. Bd3 Qh5 27. f4 Ne3 28. Be2 Nxd1 29. Bxh5 Re1#
0-1

[Event "KP 2024/25,J. Jaromer-Lazne Belohrad"]
[Site "?"]
[Date "2024.12.08"]
[Round "4.6"]
[White "Kykal, Zbynek"]
[Black "Wenke, Oldrich"]
[Result "0-1"]
[WhiteElo "1848"]
[BlackElo "1958"]
[Annotator "Pavel"]
[PlyCount "76"]
[EventDate "2024.??.??"]
[SourceVersionDate "2024.12.08"]

{[%evp 0,76,21,25,25,-20,17,20,35,32,33,18,22,8,6,9,21,25,28,14,32,5,39,44,19,
17,12,-3,-4,-18,-10,-16,-11,-16,-16,-16,-12,-7,-4,-35,-6,2,-4,-28,-27,-33,-53,
-46,-82,-63,-58,-100,-92,-103,-103,-98,-115,-124,-127,-218,-220,-203,-210,-213,
-106,-107,-107,-104,-114,-111,-103,-196,-198,-301,-322,-709,-403,-387,-394]} 1.
d4 Nf6 2. Bg5 e6 3. Nf3 b6 4. e3 Bb7 5. Nbd2 Be7 6. Bd3 O-O 7. O-O d5 8. c4
Nbd7 9. Rc1 Rc8 10. Qe2 Ne4 11. Bxe7 Qxe7 12. cxd5 exd5 13. a3 c5 14. dxc5 bxc5
15. Rfd1 Rfd8 16. Ba6 Ndf6 17. Nxe4 Nxe4 18. Rc2 Rd6 19. Bd3 Rb6 20. Rdc1 Nf6
21. b4 c4 22. Bf5 Ra8 23. Qd2 g6 24. Bh3 a5 25. Qd4 Rb5 26. Rb2 axb4 27. axb4
Ra4 28. Rcb1 Raxb4 29. g3 Rxb2 30. Rxb2 Rxb2 31. Qxb2 Ne4 32. Nd4 Qc7 33. Bg2
c3 34. Qc2 Qc4 35. Ne2 Ba6 36. Bf1 Nd2 37. Kg2 Qe4+ 38. Qxe4 dxe4 0-1

[Event "KP 24/25 Jaromer - Lazne Belohrad"]
[Site "?"]
[Date "2024.12.08"]
[Round "4.7"]
[White "Stankova, Radka"]
[Black "Pochop, Karel ml."]
[Result "1-0"]
[WhiteElo "1919"]
[BlackElo "1826"]
[Annotator "Pavel"]
[PlyCount "58"]
[EventDate "2024.??.??"]
[SourceVersionDate "2024.12.08"]

{[%evp 0,58,21,12,66,66,66,73,76,58,74,39,45,23,53,-1,0,2,9,-3,-4,5,5,8,25,7,
102,116,116,113,144,159,296,298,340,341,341,332,337,332,343,355,354,293,294,
269,308,301,301,279,279,275,283,286,278,265,269,269,281,387,487]} 1. e4 d6 2.
d4 Nf6 3. Nc3 g6 4. Be3 Bg7 5. f3 O-O 6. Qd2 b6 7. Bh6 e5 8. Bxg7 Kxg7 9. O-O-O
exd4 10. Qxd4 Nc6 11. Qe3 Qe7 12. g4 d5 13. g5 d4 14. Rxd4 Nxd4 15. Qxd4 Kg8
16. gxf6 Qd6 17. Qxd6 cxd6 18. Bc4 Be6 19. Nd5 h6 20. Ne2 Kh7 21. Nef4 g5 22.
Nd3 Bxd5 23. Bxd5 Rad8 24. h4 Kg6 25. hxg5 hxg5 26. f4 gxf4 27. Nxf4+ Kxf6 28.
Rf1 Kg5 29. Bxf7 Kf6 1-0

[Event "KP 2024/25,J. Jaromer-Lazne Belohrad"]
[Site "?"]
[Date "2024.12.08"]
[Round "4.8"]
[White "Pochop, Karel st."]
[Black "Kunes, Jan"]
[Result "0-1"]
[WhiteElo "1802"]
[BlackElo "1877"]
[Annotator "Pavel"]
[PlyCount "80"]
[EventDate "2024.??.??"]
[SourceVersionDate "2024.12.08"]

{[%evp 0,80,25,20,58,15,17,3,3,-13,36,19,19,-7,14,24,8,5,7,22,44,3,-7,-19,-19,
-19,-16,-11,3,3,3,7,13,-21,0,-10,-1,-55,-43,-53,-57,-66,-67,-109,-110,-176,
-164,-193,-202,-209,-166,-166,-166,-166,-158,-167,-119,-179,-163,-163,-163,
-344,-210,-287,-201,-271,-271,-271,-244,-414,-244,-297,-237,-224,-228,-411,
-214,-459,-469,-538,-347,-773,-861]} 1. e4 c5 2. c3 e6 3. d4 d5 4. exd5 exd5 5.
Nf3 Nf6 6. Be2 Be7 7. O-O Nc6 8. dxc5 Bxc5 9. Bg5 Be7 10. Nd4 O-O 11. Nd2 Nxd4
12. cxd4 Be6 13. Nb3 Ne4 14. Bxe7 Qxe7 15. Bd3 Qg5 16. Qe2 Rfe8 17. Rae1 Bd7
18. f4 Qf6 19. Qf3 Bc6 20. g4 h6 21. Re2 a5 22. Rfe1 a4 23. Nc1 Qxd4+ 24. Kg2
Qf6 25. h3 Nd6 26. Kh2 Rxe2+ 27. Rxe2 Nc4 28. b3 Nd6 29. Qf2 Ne4 30. Qf1 Nc5
31. Qf2 Ne6 32. f5 Nd4 33. Re3 axb3 34. Nxb3 Nxb3 35. axb3 Qd6+ 36. Qg3 Qb4 37.
Bf1 Ra1 38. Qf2 Qd6+ 39. Rg3 Rb1 40. Kg1 Bb5 0-1

[Event "KP 2024/25,SK Lipa B- SSPM Lipky C"]
[Site "?"]
[Date "2024.12.08"]
[Round "4.1"]
[White "Rokos, Filip"]
[Black "Winter, Ondrej"]
[Result "0-1"]
[WhiteElo "2157"]
[BlackElo "2217"]
[PlyCount "64"]
[EventDate "2024.??.??"]

1. e4 c6 2. d4 d5 3. exd5 cxd5 4. Bd3 Nc6 5. c3 Qc7 6. h3 Nf6 7. Nf3 g6 8. Bg5
Bg7 9. O-O Ne4 10. Qb3 Nxg5 11. Nxg5 O-O 12. Nf3 Rd8 13. Nbd2 Rb8 14. a4 Qf4
15. Rfe1 h5 16. Qd1 h4 17. Nf1 a6 18. Qd2 Qxd2 19. N1xd2 b5 20. axb5 axb5 21.
Nxh4 e5 22. dxe5 Nxe5 23. Bf1 Nc4 24. Nxc4 bxc4 25. Red1 Be6 26. Rd2 d4 27. Nf3
d3 28. g4 Bd5 29. Nd4 Bh6 30. Rdd1 Rxb2 31. Ra5 Bd2 32. Rb5 Bxc3 0-1

[Event "KP 2024/25,SK Lipa B- SSPM Lipky C"]
[Site "?"]
[Date "2024.12.08"]
[Round "4.3"]
[White "Vasatko, Martin"]
[Black "Dedek, Jan"]
[Result "0-1"]
[WhiteElo "1946"]
[BlackElo "2062"]
[PlyCount "142"]
[EventDate "2024.??.??"]

1. e4 c6 2. d4 d5 3. Nd2 dxe4 4. Nxe4 Nd7 5. Nf3 Ngf6 6. Nxf6+ Nxf6 7. Bc4 e6
8. O-O Be7 9. Bf4 O-O 10. c3 b6 11. Qe2 Bb7 12. Rfd1 Qc8 13. a4 c5 14. dxc5
Bxc5 15. Bd3 Qc6 16. Bb5 Qe4 17. Qxe4 Bxe4 18. Ne5 Rfd8 19. Bc6 Rac8 20. Bxe4
Nxe4 21. Nd3 f6 22. Kf1 e5 23. Be3 Bxe3 24. fxe3 a5 25. Nf2 Rxd1+ 26. Rxd1 Nc5
27. Ra1 Kf7 28. Ke2 Ke6 29. Nd3 Ne4 30. Rd1 f5 31. Nf2 Nc5 32. Ra1 e4 33. Nh3
Ke5 34. Kd1 Rd8+ 35. Kc2 Rd3 36. b4 axb4 37. cxb4 Na6 38. a5 Nxb4+ 39. Kb2 bxa5
40. Rxa5+ Kf6 41. Rb5 Nd5 42. Nf4 Nxf4 43. exf4 Rd2+ 44. Kc3 Rxg2 45. Rb6+ Kf7
46. Kd4 Ra2 47. h4 Ra7 48. Ke5 g6 49. h5 Re7+ 50. Kd4 e3 51. hxg6+ hxg6 52. Rb1
e2 53. Re1 Kf6 54. Kd3 Re4 55. Rxe2 Rxf4 56. Re8 g5 57. Ke3 Ra4 58. Rf8+ Kg6
59. Rh8 Ra3+ 60. Kf2 f4 61. Rf8 Kh5 62. Rb8 Kg4 63. Rb2 Rh3 64. Kg2 f3+ 65. Kg1
Kg3 66. Rg2+ Kf4 67. Ra2 g4 68. Ra4+ Kg3 69. Ra2 f2+ 70. Rxf2 Rh1+ 71. Kxh1
Kxf2 0-1

[Event "KP 2024/25,SK Lipa B- SSPM Lipky C"]
[Site "?"]
[Date "2024.12.08"]
[Round "4.4"]
[White "Novak, Radomir"]
[Black "Jedlicka, Lubos"]
[Result "1/2-1/2"]
[WhiteElo "2055"]
[BlackElo "2122"]
[PlyCount "43"]
[EventDate "2024.??.??"]

1. d4 Nf6 2. c4 c5 3. d5 b5 4. cxb5 a6 5. e3 axb5 6. Bxb5 Qa5+ 7. Nc3 Bb7 8.
Bc4 e6 9. Bd2 Qb6 10. Qf3 exd5 11. Nxd5 Nxd5 12. Bxd5 Bxd5 13. Qxd5 Qxb2 14.
Qxa8 Qxa1+ 15. Ke2 Bd6 16. Qd5 Be7 17. Qb3 O-O 18. Bc3 Qc1 19. Bb2 Qb1 20. Bc3
Qc1 21. Bd2 Qa1 22. Bc3 1/2-1/2

[Event "KP 2024/25,SK Lipa B- SSPM Lipky C"]
[Site "?"]
[Date "2024.12.08"]
[Round "4.5"]
[White "Sucharda, David"]
[Black "Sprinar, Michal"]
[Result "1-0"]
[WhiteElo "2078"]
[BlackElo "2013"]
[PlyCount "91"]
[EventDate "2024.??.??"]

1. Nf3 f5 2. g3 Nf6 3. Bg2 g6 4. b3 Bg7 5. Bb2 d6 6. d4 O-O 7. O-O c6 8. c4 Qc7
9. d5 e5 10. dxe6 Bxe6 11. Nc3 Na6 12. Rc1 Rad8 13. e3 Nc5 14. Ng5 Rfe8 15. Qc2
Bc8 16. b4 Ncd7 17. Qb3 Ne5 18. Nb5 Qe7 19. c5+ d5 20. Nd6 Rf8 21. Rfd1 h6 22.
Nh3 Ne8 23. Nxc8 Rxc8 24. Nf4 Kh7 25. h4 h5 26. b5 Nc7 27. b6 axb6 28. cxb6 Nb5
29. Nxd5 Qf7 30. Nf4 Qxb3 31. axb3 Rfe8 32. Bxe5 Rxe5 33. Rd7 Rb8 34. Nd3 Re6
35. Nc5 Rf6 36. Rxb7 Rxb7 37. Nxb7 c5 38. Nxc5 Rxb6 39. Rc4 Nc3 40. b4 Na2 41.
Nd3 Bc3 42. Rc7+ Kh6 43. Bd5 Nxb4 44. Bg8 g5 45. hxg5+ Kxg5 46. Rxc3 1-0

[Event "KP 2024/25,SK Lipa B- SSPM Lipky C"]
[Site "?"]
[Date "2024.12.08"]
[Round "4.6"]
[White "Jezbera, Jiri"]
[Black "Kosar, Matej"]
[Result "1-0"]
[WhiteElo "2056"]
[BlackElo "1882"]
[PlyCount "57"]
[EventDate "2024.??.??"]

1. e4 d6 2. d4 a6 3. c4 Nd7 4. Nc3 c5 5. d5 g6 6. Be3 Bg7 7. Qd2 Ne5 8. h3 h5
9. f4 Nd7 10. Nf3 Qa5 11. Bd3 Rb8 12. O-O b5 13. Rfc1 bxc4 14. Bxc4 Qb4 15. b3
Qa3 16. Re1 Nb6 17. Bd3 Nf6 18. Rac1 Qb4 19. Bb1 Nfd7 20. Bf2 O-O 21. e5 f5 22.
exf6 Rxf6 23. Rxe7 Qxf4 24. Qe1 Nf8 25. Ne4 Bxh3 26. Nxf6+ Bxf6 27. Re4 Qf5 28.
Rh4 Qxd5 29. Rxh3 1-0

[Event "KP 2024/25,SK Lipa B- SSPM Lipky C"]
[Site "?"]
[Date "2024.12.08"]
[Round "4.7"]
[White "Gloser, Tomas"]
[Black "Vestfal, Jan"]
[Result "0-1"]
[WhiteElo "1819"]
[BlackElo "2026"]
[PlyCount "68"]
[EventDate "2024.??.??"]

1. e4 c5 2. Nc3 e6 3. g3 a6 4. Bg2 Nc6 5. d3 g6 6. Be3 Nd4 7. Nge2 Bg7 8. Qd2
Ne7 9. O-O O-O 10. Nd1 d5 11. Nxd4 cxd4 12. Bh6 dxe4 13. Bxg7 Kxg7 14. Bxe4 Qd6
15. c4 dxc3 16. Qxc3+ Kg8 17. Ne3 Rd8 18. Qf6 e5 19. Qxd6 Rxd6 20. Nc4 Re6 21.
Rfe1 Rb8 22. Rac1 Bd7 23. Bg2 f6 24. Bh3 Nf5 25. Bxf5 gxf5 26. Na5 Rd6 27. Red1
Rd5 28. Nc4 Be6 29. b3 Rbd8 30. Nb2 Bd7 31. Rc7 Bc6 32. Nc4 Rxd3 33. Rxd3 Rxd3
34. Na5 Rd1# 0-1

[Event "KP 2024/25,SK Lipa B- SSPM Lipky C"]
[Site "?"]
[Date "2024.12.08"]
[Round "4.8"]
[White "Marek, Petr"]
[Black "Korinek, Vojtech"]
[Result "1-0"]
[WhiteElo "1862"]
[BlackElo "1702"]
[PlyCount "97"]
[EventDate "2024.??.??"]

1. e4 e5 2. Nf3 Nc6 3. d4 exd4 4. Bc4 d6 5. Nxd4 Nf6 6. Nxc6 bxc6 7. Nc3 Be6 8.
Bxe6 fxe6 9. O-O Be7 10. Qe2 O-O 11. e5 dxe5 12. Qxe5 Qd6 13. Re1 Kf7 14. Bf4
Qxe5 15. Bxe5 Bd6 16. Rad1 Rad8 17. f3 Bxe5 18. Rxe5 Rxd1+ 19. Nxd1 Rd8 20. Nc3
Rd2 21. Re2 Rxe2 22. Nxe2 Nd5 23. c4 Nb4 24. Nc3 e5 25. Kf1 Nd3 26. b3 a5 27.
g3 Nb4 28. Ke2 Ke6 29. Kd2 c5 30. Ne4 Nxa2 31. Ng5+ Kf5 32. Nxh7 Nb4 33. Nf8
Nc6 34. Ke3 Nb8 35. h4 Kf6 36. h5 Kf7 37. Nh7 Ke6 38. Ng5+ Kd6 39. Nf7+ Ke6 40.
Nd8+ Kd7 41. Nf7 Ke6 42. Ng5+ Kd6 43. Ne4+ Kc6 44. g4 Nd7 45. g5 Nf8 46. Nf6
gxf6 47. g6 Ne6 48. h6 Nf8 49. g7 1-0